Premier League teams 2021/2022 - Statistics

General Stats
  • This quiz has been taken 17 times
  • The average score is 17 of 20
Answer Stats
Position Points Team % Correct
5 69 Arsenal
100%
8 52 Leicester City
100%
2 92 Liverpool
100%
1 93 Manchester City
100%
3 74 Chelsea
92%
16 39 Everton
92%
6 58 Manchester United
92%
11 49 Newcastle United
92%
20 22 Norwich City
92%
4 71 Tottenham
92%
14 45 Aston Villa
85%
9 51 Brighton
85%
17 38 Leeds United
85%
15 40 Southampton
85%
13 46 Brentford
77%
12 48 Crystal Palace
77%
7 56 West Ham United
77%
18 35 Burnley
69%
19 23 Watford
62%
10 51 Wolverhampton Wolves
8%
No matching quizzes found
Score Distribution
Percent of People with Each Score
Percentile by Number Answered
Your Score History
You have not taken this quiz